PLA case study (Record no. 109836)

MARC details
000 -LEADER
fixed length control field 00980cad a22002535a 4500
001 - CONTROL NUMBER
control field L148003
008 - FIXED-LENGTH DATA ELEMENTS--GENERAL INFORMATION
fixed length control field 090713s2009 xxk f v 000 0 eng d
035 ## - SYSTEM CONTROL NUMBER
System control number (Sirsi) u148003
041 0# - LANGUAGE CODE
Language code of text/sound track or separate title eng
050 04 - LIBRARY OF CONGRESS CALL NUMBER
Classification number 346.4104342 $2 18
100 1# - MAIN ENTRY--PERSONAL NAME
Personal name Cowan, Gary
245 00 - TITLE STATEMENT
Title PLA case study
Remainder of title a landlord's remedies against a liquidator
Medium [electronic resource]
260 ## - PUBLICATION, DISTRIBUTION, ETC.
Place of publication, distribution, etc. [S.l.]
Name of publisher, distributor, etc. PLA
Date of publication, distribution, etc. 2009
490 #0 - SERIES STATEMENT
Series statement Falcon Chambers Case Study
520 ## - SUMMARY, ETC.
Summary, etc. Discusses a landlord's rights regarding enforcement of lease terms where a tenant company goes into liquidation, and a liquidator fails to respond to a notice asking him to decide whether to disclaim the lease.
521 ## - TARGET AUDIENCE NOTE
Target audience note Advanced
590 ## - LOCAL NOTE (RLIN)
Local note KA
650 24 - SUBJECT ADDED ENTRY--TOPICAL TERM
Topical term or geographic name entry element INSOLVENCY RULES 1986
651 #4 - SUBJECT ADDED ENTRY--GEOGRAPHIC NAME
Geographic name United Kingdom
Chronological subdivision
690 ## - LOCAL SUBJECT ADDED ENTRY--TOPICAL TERM (OCLC, RLIN)
Topical term or geographic name as entry element Landlord and tenant
9 (RLIN) 6252
710 1# - ADDED ENTRY--CORPORATE NAME
Corporate name or jurisdiction name as entry element Falcon Chambers
856 40 - ELECTRONIC LOCATION AND ACCESS
Uniform Resource Identifier <a href="https://www.pla.org.uk/library/martin_dray_case_study">https://www.pla.org.uk/library/martin_dray_case_study</a>
Public note View the case study free of charge at www.pla.org.uk...
942 ## - ADDED ENTRY ELEMENTS (KOHA)
Suppress in OPAC 0
Holdings
Withdrawn status Lost status Source of classification or shelving scheme Damaged status Not for loan Home library Current library Shelving location Date acquired Total Checkouts Full call number Barcode Date last seen Copy number Price effective from Koha item type
    Dewey Decimal Classification     Virtual Virtual Online 13/07/2009   ONLINE PUBLICATION 148003-2001 06/08/2019 1 06/08/2019 Book